000 00493nam a2200193Ia 4500
005 20250508151816.0
008 008 250505s9999 xx 000 0 eng d
037 _aTextual
040 _aFEDL
_beng
_cFEDL
041 _aeng
_2eng
084 _a370, SEN
_qFEDL
100 _aSen Priyronjan
_9760024
245 0 _aBangla parano
260 _aCalcutta, India
_bBani Mandir
300 _a147p.
650 _aEducation
942 _cTEXL
_h370, SEN
999 _c1332240
_d1332240